| 000 | 00873nam a2200265 a 4500 | ||
|---|---|---|---|
| 005 | 20151123100448.0 | ||
| 008 | 140220b1992 ck ||||| |||| 00| 0 spa d | ||
| 040 |
_aCO-BoIAVH _cCO-BoIAVH |
||
| 041 | _aspa | ||
| 044 | _ack | ||
| 090 |
_aLB _b00367 |
||
| 100 |
_aArjona, Beatriz _97587 |
||
| 245 |
_aFactibilidad social de la creación del Parque Nacional Natural Caparu (región del bajo Apaporis, Vaupés, Colombia) _bfase de aproximación |
||
| 260 |
_aBogotá _bFundación Natura Colombia _c1992 |
||
| 300 | _a45 p. | ||
| 650 |
_aEstudio de factibilidad _93857 |
||
| 650 |
_aComunidades indígenas _942670 |
||
| 650 |
_aUso de biodiversidad _9343 |
||
| 650 |
_aRecursos forestales _942671 |
||
| 650 |
_aPesca _942672 |
||
| 650 |
_aFauna _942673 |
||
| 650 |
_aVegetación _942674 |
||
| 662 |
_aColombia _cParque Nacional Natural Caparu _bVaupés |
||
| 942 |
_cINFORME _2z |
||
| 999 |
_c386 _d386 |
||